| 000 | 00340nam a22001337a 4500 | ||
|---|---|---|---|
| 008 | 180314b xxu||||| |||| 00| 0 eng d | ||
| 020 | _a9780397517633 | ||
| 041 | _aeng | ||
| 080 | _a61 | ||
| 100 | _a4 | ||
| 101 | _aSHM | ||
| 245 |
_aPrimer on the metabolic bone diseases and disorders of mineral metabolism _cFavus,M,J |
||
| 942 |
_2udc _cBK |
||
| 999 |
_c44954 _d44954 |
||